000 00740nam a2200253Ia 4500
003 OSt
005 20220926012841.0
006 a|||||r|||| 00| 0
007 ta
008 220923b |||||||| |||| 00| 0 eng d
037 _cGeneral Book
040 _aRTL
_cRTL
_beng
041 _2eng
_aeng
082 _aB396M3, M8.2
100 _aPrudnikov A P, and others
_9317361
245 0 _aIntegrals and series
_b Special function.
260 _aNew York
_bGordon and Breach
_c1988
300 _a750p
_ccm.
490 _vV2: Special Functions (750p)
500 _aBibliography:P741-742
650 _aSpecial Functions
942 _hB396M3, M8.2
_cGB
_2CC
999 _c624473
_d624473